| 000 | 00381nam a2200157Ia 4500 | ||
|---|---|---|---|
| 008 | 210716s2009 xx 000 0 und d | ||
| 020 | _a9788131725061 | ||
| 041 | _aeng | ||
| 082 | _a005.276 KIMP | ||
| 100 | _aKimmel, Paul. | ||
| 245 | _aLinq: unleashed for c#. | ||
| 250 | _a1 | ||
| 260 |
_aNew Delhi _bPearson Education _c2009 |
||
| 300 | _ax,527 | ||
| 650 | _aC# Progamming | ||
| 999 |
_c192306 _d192306 |
||